|
|
|
|
| LEADER |
00000ny a22000003n 4500 |
| 005 |
20110531130658.0 |
| 008 |
080508t2002 sp s 000 0 spa c |
| 020 |
|
|
|a 8479910755
|
| 035 |
|
|
|a 783
|
| 040 |
|
|
|a UMA.RE
|d vLex
|
| 080 |
|
|
|a 342.4(460)(0.034)
|
| 090 |
|
|
|c 376
|d 376
|
| 100 |
|
|
|a Alonso de Antonio, ℓngel Luis
|
| 245 |
1 |
0 |
|a Derecho constitucional espaǫl
|h [Recurso electrn̤ico]
|c ℓngel Luis Alonso de Antonio, Jos ̌Antonio Alonso de Antonio
|
| 256 |
|
|
|a Servicio en ln̕ea
|
| 260 |
|
|
|a Madrid:
|b Editorial Universitas,
|c 2002
|
| 506 |
1 |
|
|a Contenido solo disponible en los productos indicados
|d vLex Global
|d vLex Global (Academic Edition, excluding Law Schools)
|d vLex Global (U.S. Academic Edition, Law Schools)
|d vLex Global (U.S. Academic Edition, excluding Law Schools)
|d vLex Global (Academic Edition, Law Schools)
|
| 650 |
0 |
7 |
|a Constitucional
|2 Tesauro vLex
|
| 700 |
1 |
|
|a Alonso de Antonio, Jos ̌Antonio
|
| 740 |
0 |
|
|a vLex Libros (Servicios en ln̕ea)
|
| 856 |
4 |
0 |
|u http://vlex.com/source/783
|z Acceso restringido
|
| 942 |
|
|
|c BOOK
|
| 999 |
0 |
|
|a Constitutional law
|b Madrid
|